Top 100 Most Streamed Songs on Spotify - Statistics

General Stats
  • This quiz has been taken 28 times
    8 since last reset
  • The average score is 55 of 100
Answer Stats
Streams Artist(s) Song % Correct
3.933 Billion The Weeknd Blinding Lights
100%
3.710 Billion Ed Sheeran Shape of You
100%
1.757 Billion Roddy Ricch The Box
100%
2.197 Billion John Legend All of Me
75%
2.079 Billion Tom Odell Another Love
75%
2.864 Billion Harry Styles As It Was
75%
2.399 Billion Billie Eilish Bad Guy
75%
2.764 Billion Imagine Dragons Believer
75%
2.320 Billion Queen Bohemian Rhapsody
75%
2.697 Billion The Chainsmokers featuring Halsey Closer
75%
2.182 Billion OneRepublic Counting Stars
75%
2.950 Billion Tones And I Dance Monkey
75%
2.370 Billion Drake God’s Plan
75%
2.003 Billion Olivia Rodrigo Good 4 U
75%
2.752 Billion Glass Animals Heat Waves
75%
2.039 Billion Kendrick Lamar Humble
75%
1.907 Billion Lil Nas X featuring Jack Harlow Industry Baby
75%
2.069 Billion XXXTENTACION Jocelyn Flores
75%
2.065 Billion Passanger Let Her Go
75%
1.926 Billion Dua Lipa featuring DaBaby Levitating
75%
1.973 Billion Eminem Lose Yourself
75%
2.885 Billion Drake featuring Wizkid and Kyla One Dance
75%
2.733 Billion Ed Sheeran Perfect
75%
2.827 Billion Post Malone featuring 21 Savage Rockstar
75%
2.124 Billion XXXTENTACION Sad!
75%
2.590 Billion Shawn Mendes and Camila Cabello Señorita
75%
2.274 Billion Lady Gaga and Bradley Cooper Shallow
75%
1.988 Billion Travis Scott featuring Drake Sicko Mode
75%
3.095 Billion Lewis Capaldi Someone You Loved
75%
2.860 Billion The Kid LAROI and Justin Bieber Stay
75%
3.045 Billion Post Malone and Swae Lee Sunflower
75%
2.296 Billion Hozier Take Me To Church
75%
2.375 Billion Ed Sheeran Thinking Out Loud
75%
2.187 Billion Imagine Dragons Thunder
75%
1.852 Billion Mark Ronson featuring Bruno Mars Uptown Funk
75%
2.111 Billion Avicii Wake Me Up
75%
2.474 Billion Harry Styles Watermelon Sugar
75%
2.004 Billion Lil Uzi Vert XO Tour Llif3
75%
2.135 Billion Ariana Grande 7 Rings
50%
2.135 Billion Macklemore & Ryan Lewis featuring Ray Dalton Can’t Hold Us
50%
2.281 Billion Post Malone Circles
50%
1.773 Billion Elton John and Dua Lipa Cold Heart
50%
1.868 Billion Post Malone featuring Quavo Congratulations
50%
2.009 Billion Imagine Dragons Demons
50%
1.959 Billion Arctic Monkeys Do I Wanna Know?
50%
1.774 Billion Queen Don’t Stop Me Now
50%
1.993 Billion Olivia Rodrigo Drivers License
50%
1.833 Billion Alan Walker Faded
50%
2.147 Billion Travis Scott featuring Kendrick Lamar Goosebumps
50%
1.983 Billion Marshmello and Bastille Happier
50%
1.771 Billion Linkin Park In the End
50%
2.549 Billion Billie Eilish and Khalid Lovely
50%
2.242 Billion Justin Bieber Love Yourself
50%
2.393 Billion Juice WRLD Lucid Dreams
50%
1.861 Billion Maroon 5 Memories
50%
1.764 Billion 24kGoldn and Iann Dior Mood
50%
1.941 Billion The Killers Mr Brightside
50%
1.980 Billion J. Cole No Role Modelz
50%
2.010 Billion Calvin Harris and Dua Lipa One Kiss
50%
2.199 Billion Vance Joy Riptide
50%
1.819 Billion Nirvana Smells Like Teen Spirit
50%
2.348 Billion The Chainsmokers and Coldplay Something Just Like This
50%
1.926 Billion Justin Bieber Sorry
50%
2.863 Billion The Weeknd featuring Daft Punk Starboy
50%
1.922 Billion Sam Smith Stay With Me
50%
1.763 Billion Shawn Mendes Stitches
50%
2.130 Billion Twenty One Pilots Stressed Out
50%
2.539 Billion The Neighborhood Sweater Weather
50%
1.856 Billion Bruno Mars That’s What I Like
50%
2.087 Billion The Weeknd The Hills
50%
1.802 Billion Eminem featuring Nate Dogg Till I Collapse
50%
1.982 Billion Shawn Mendes Treat You Better
50%
1.832 Billion French Montana featuring Swae Lee Unforgettable
50%
1.799 Billion Coldplay Viva La Vida
50%
1.905 Billion Halsey Without Me
50%
1.863 Billion Eminem Without Me
50%
1.823 Billion Oasis Wonderwall
50%
1.974 Billion Coldplay Yellow
50%
1.858 Billion Post Malone Better Now
25%
1.858 Billion Bad Bunny and Jay Cortez Dakiti
25%
1.923 Billion The Weeknd Die For You
25%
1.790 Billion The Chainsmokers featuring Daya Don’t Let Me Down
25%
2.429 Billion Dua Lipa Don’t Start Now
25%
1.765 Billion BTS Dynamite
25%
1.769 Billion The Police Every Breath You Take
25%
1.974 Billion Camila Cabello featuring Young Thug Havana
25%
1.825 Billion Mike Posner and Seeb I Took A Pill In Ibiza (Seeb Remix)
25%
1.811 Billion Bruno Mars Just the Way You Are
25%
1.894 Billion Major Lazer and DJ Snake featuring MØ Lean On
25%
1.962 Billion DJ Snake featuring Justin Bieber Let Me Love You
25%
1.809 Billion Lil Nas X MONTERO (Call Me By Your Name)
25%
1.761 Billion XXXTENTACION Moonlight
25%
1.983 Billion Dua Lipa New Rules
25%
2.361 Billion Ed Sheeran Photograph
25%
1.845 Billion Saint JHn with Imanbek Roses (Imanbek Remix)
25%
2.566 Billion James Arthur Say You Won’t Let Go
25%
1.787 Billion Ariana Grande Thank U, Next
25%
1.846 Billion Shawn Mendes There’s Nothing Holdin Me Back
25%
1.901 Billion Sam Smith Too Good At Goodbyes
25%
1.835 Billion Bruno Mars When I Was Your Man
25%
No matching quizzes found
Score Distribution
Percent of People with Each Score
Percentile by Number Answered
Your Score History
You have not taken this quiz since the last reset